Stoupá počet katastrof? Přehled vývoje v r. 1993

Údaje o prírodných katastrofách, veľkých škodách, obetiach a poistných škodách, ktoré uvádza vo svojej správe švajčiarska zaisťovňa Swiss Re. Zahŕňa rok 1993 v porovnaní s rokom 1992. Najvýznamnejšie prípady poistných plnení. Najvýznamnejšie katastrofy podľa objemu poistených škôd za roky 1974-1994...

Description complète

Enregistré dans:
Détails bibliographiques
Auteur principal: Kovárnová, M.
Format: Chapitre de livre
Langue:tchèque
Sujets:
Tags: Ajouter un tag
Pas de tags, Soyez le premier à ajouter un tag!

MARC

LEADER 00000naa a2200000 4500
001 r024475
005 20221205090706.6
041 0 |a cze 
044 |a CZ 
245 1 0 |a Stoupá počet katastrof?  |b Přehled vývoje v r. 1993  |c M. Kovárnová 
520 |a Údaje o prírodných katastrofách, veľkých škodách, obetiach a poistných škodách, ktoré uvádza vo svojej správe švajčiarska zaisťovňa Swiss Re. Zahŕňa rok 1993 v porovnaní s rokom 1992. Najvýznamnejšie prípady poistných plnení. Najvýznamnejšie katastrofy podľa objemu poistených škôd za roky 1974-1994 - tab. Veľké škodové udalosti podľa kategórií. Prehľad prírodných a človekom spôsobených poistných katastrof v r. 1993 podľa kategórií - tab. 
610 2 0 |a pohromy živelné 
610 2 0 |a škody 
610 2 0 |a svet 
610 2 0 |a 1993 
610 2 0 |a 1974-1994 
610 2 0 |a zaistenie 
610 2 0 |a zaisťovne 
610 2 0 |a Swiss Re 
610 2 0 |a Švajčiarsko 
100 1 |a Kovárnová, M.